| 000 | 01333nam a2200229Ia 4500 | ||
|---|---|---|---|
| 003 | Ost | ||
| 005 | 20260507075548.0 | ||
| 008 | 260507s9999||||xx |||||||||||||| ||und|| | ||
| 040 | _cfsecg | ||
| 041 | _aara | ||
| 082 | _a601.83 | ||
| 100 |
_aعبد الرزاق، محمود حامد محمود _eمؤلف |
||
| 245 | 0 |
_aتكنولوجيا المعلومات و زيادة الصادرات و دعم التنمية الصناعية / _c محمود حامد محمود عبد الرزاق |
|
| 260 |
_aالقاهرة: _bمكتبة الحرية للنشر والتوزيع, _c2006 |
||
| 300 |
_a304 صفحة؛ _bإيضاحات ؛ _c24 سم |
||
| 504 | _aبيبليوغرافيا: ص ص.273-304 | ||
| 520 | _aيضم تجارب بعض الدول الإسلامية في تكنولوجيا المعلومات والتجارة الإلكترونية، الأهمية الإقتصادية لتكنولوجيا المعلومات والتجارة الإلكترونية، دور تكنولوجيا المعلومات في تحسين أداء الصادرات الصناعية المصرية، ملخص ونتائج وتوصيات الدراسة | ||
| 653 | _aالتكنولوجيا- خدمات المعلومات | ||
| 653 | _aالتنمية الاقتصادية | ||
| 653 | _aالتنمية الصناعية | ||
| 942 | _cكتاب | ||
| 999 |
_c44898 _d44898 |
||